[Event "V Open A"]
[Site "Genova ITA"]
[Date "2001.08.09"]
[Round "6"]
[White "Cehic, Goran"]
[Black "Abd El Gawad, Shaban"]
[Result "0-1"]
[WhiteElo "2144"]
[BlackElo "2051"]
[PlyCount "74"]
[EventDate "2001.08.05"]

1. d4 Nf6 2. Nc3 g6 3. e4 d6 4. Bg5 Bg7 5. f4 c5 6. d5 Qa5 7. Qd2 O-O 8. Be2 b5
9. Bf3 Nbd7 10. Nd1 Qxd2+ 11. Kxd2 Nb6 12. Ne3 h6 13. Bh4 Re8 14. Rd1 Nfd7 15.
c3 b4 16. Ne2 Rb8 17. cxb4 Bxb2 18. bxc5 Nxc5 19. Ke1 Ba6 20. Kf2 Nd3+ 21. Kg3
g5 22. fxg5 Be5+ 23. Kh3 hxg5 24. Bg3 Nd7 25. Ng4 Nf4+ 26. Nxf4 gxf4 27. Nxe5
dxe5 28. Bf2 Kg7 29. g4 Rb2 30. Kg2 Reb8 31. d6 exd6 32. Rxd6 Nc5 33. Rhd1 Bb7
34. Re1 Ne6 35. h4 Rc8 36. Kg1 Rxa2 37. g5 Rcc2 0-1

[Event "V Open A"]
[Site "Genova ITA"]
[Date "2001.08.09"]
[Round "6"]
[White "Drei, Andrea"]
[Black "De Santis, Alessio"]
[Result "1/2-1/2"]
[WhiteElo "2269"]
[BlackElo "2353"]
[PlyCount "72"]
[EventDate "2001.08.05"]

1. e4 c5 2. Nf3 e6 3. d4 cxd4 4. Nxd4 a6 5. Bd3 Qc7 6. c4 Nf6 7. O-O h5 8. Nc3
Ng4 9. g3 Bc5 10. Nb3 Ba7 11. Bf4 e5 12. Nd5 Qd8 13. Bd2 d6 14. Be2 Nc6 15. Kg2
Qd7 16. Be3 Nxe3+ 17. fxe3 Ne7 18. Nxe7 Kxe7 19. c5 dxc5 20. Qc2 Qh3+ 21. Kh1
h4 22. g4 Bxg4 23. Bxg4 Qxg4 24. Rf5 g6 25. Rxe5+ Kf8 26. Rf1 h3 27. Qf2 Qg2+
28. Qxg2 hxg2+ 29. Kxg2 Bb8 30. Rxc5 Rxh2+ 31. Kf3 Bd6 32. Rd5 Ke7 33. Rfd1
Rah8 34. Rxd6 R8h3+ 35. Kg4 Rh4+ 36. Kf3 R4h3+ 1/2-1/2

[Event "V Open A"]
[Site "Genova ITA"]
[Date "2001.08.09"]
[Round "6"]
[White "Gosio, Denis"]
[Black "Ferretti, Folco"]
[Result "1/2-1/2"]
[WhiteElo "2151"]
[BlackElo "2274"]
[PlyCount "42"]
[EventDate "2001.08.05"]

1. e4 e5 2. Nf3 Nc6 3. Bb5 Nf6 4. O-O Nxe4 5. Re1 Nd6 6. Nxe5 Be7 7. Bf1 Nxe5
8. Rxe5 O-O 9. d4 Bf6 10. Re1 Nf5 11. c3 d5 12. Bf4 Nh4 13. Nd2 b6 14. Be5 Bxe5
15. Rxe5 Ng6 16. Re3 Bf5 17. g3 Qd7 18. Bg2 Rae8 19. Qf1 Rxe3 20. fxe3 Re8 21.
Re1 c6 1/2-1/2

[Event "V Open A"]
[Site "Genova ITA"]
[Date "2001.08.09"]
[Round "6"]
[White "Guido, Flavio"]
[Black "Scalcione, Michelangelo"]
[Result "1-0"]
[WhiteElo "2379"]
[BlackElo "2249"]
[PlyCount "71"]
[EventDate "2001.08.05"]

1. e4 e5 2. Nf3 d6 3. d4 exd4 4. Nxd4 Nf6 5. Nc3 Be7 6. Bf4 O-O 7. Qd2 Nc6 8.
O-O-O Nxd4 9. Qxd4 Be6 10. f3 a6 11. g4 b5 12. Qd2 b4 13. Nd5 Bxd5 14. exd5 Qb8
15. h4 a5 16. h5 a4 17. g5 Nd7 18. h6 g6 19. Re1 Bd8 20. Bh3 Nc5 21. Be6 Qb6
22. Kb1 fxe6 23. dxe6 Be7 24. Qd4 Nxe6 25. Qd5 Qd4 26. Qxe6+ Rf7 27. Bc1 a3 28.
Re4 Qc5 29. f4 d5 30. Re5 axb2 31. Bxb2 c6 32. f5 Qc4 33. fxg6 Qxa2+ 34. Kc1
hxg6 35. Qxg6+ Kf8 36. h7 1-0

[Event "V Open A"]
[Site "Genova ITA"]
[Date "2001.08.09"]
[Round "6"]
[White "Lanzani, Mario"]
[Black "Isonzo, David"]
[Result "1/2-1/2"]
[WhiteElo "2380"]
[BlackElo "2315"]
[PlyCount "29"]
[EventDate "2001.08.05"]

1. e4 e5 2. Nf3 Nc6 3. Nc3 Nf6 4. Bb5 Bb4 5. O-O O-O 6. d3 Bxc3 7. bxc3 d6 8.
Bg5 Qe7 9. Re1 Nd8 10. d4 Bg4 11. h3 Bxf3 12. Qxf3 Ne6 13. Bxf6 Qxf6 14. Qxf6
gxf6 15. Rad1 1/2-1/2

[Event "V Open A"]
[Site "Genova ITA"]
[Date "2001.08.09"]
[Round "6"]
[White "Ljubisavljevic, Zivojin Z."]
[Black "Mollero, Michele"]
[Result "1-0"]
[WhiteElo "2249"]
[BlackElo "2130"]
[PlyCount "79"]
[EventDate "2001.08.05"]

1. d4 d5 2. Nc3 Bf5 3. f3 e6 4. e4 Bg6 5. h4 h6 6. Nge2 c6 7. Nf4 Bh7 8. Bd3
Nf6 9. e5 Nfd7 10. Nce2 Bxd3 11. Qxd3 Nb6 12. c3 Qd7 13. b3 c5 14. Nh5 cxd4 15.
Nxd4 Nc6 16. f4 Nxd4 17. cxd4 O-O-O 18. a4 Kb8 19. Bd2 Rc8 20. g4 g6 21. Nf6
Qd8 22. Ke2 Nd7 23. g5 Be7 24. Qb5 Bxf6 25. gxf6 h5 26. a5 Ka8 27. a6 b6 28.
Rhc1 Nb8 29. Bb4 Qd7 30. Qxd7 Nxd7 31. Bd6 Nb8 32. b4 Rxc1 33. Rxc1 Nxa6 34. b5
Nb8 35. Rc7 a6 36. Rxf7 axb5 37. Rg7 Nc6 38. f7 Nxd4+ 39. Kd3 Nf5 40. Rg8+ 1-0

[Event "V Open A"]
[Site "Genova ITA"]
[Date "2001.08.09"]
[Round "6"]
[White "Sbarra, Marco"]
[Black "Molinari, Mario"]
[Result "1/2-1/2"]
[WhiteElo "2305"]
[BlackElo "2180"]
[PlyCount "90"]
[EventDate "2001.08.05"]

1. d4 Nf6 2. c4 g6 3. Nc3 Bg7 4. e4 d6 5. Nf3 O-O 6. Be2 e5 7. d5 Nbd7 8. Bg5
h6 9. Bh4 a5 10. Nd2 Nc5 11. O-O c6 12. b3 Bd7 13. a3 g5 14. Bg3 b5 15. b4 axb4
16. axb4 Na4 17. Nxa4 bxa4 18. dxc6 Bxc6 19. Bd3 h5 20. h4 Ng4 21. hxg5 Qxg5
22. Nf3 Qd8 23. Bh4 Bf6 24. g3 Kg7 25. b5 Bd7 26. Rxa4 Rxa4 27. Qxa4 Nh6 28.
Bxf6+ Qxf6 29. Nh4 Bh3 30. Re1 Rg8 31. Qd1 Kh7 32. Ng2 h4 33. Re3 Bxg2 34. Kxg2
Ng4 35. Rf3 h3+ 36. Kg1 Qg6 37. Qf1 h2+ 38. Kh1 Kg7 39. b6 Rb8 40. Qb1 Rb7 41.
Rf5 Nh6 42. Kxh2 Nxf5 43. exf5 Qf6 44. Be4 d5 45. Bxd5 Rxb6 1/2-1/2

[Event "V Open A"]
[Site "Genova ITA"]
[Date "2001.08.09"]
[Round "6"]
[White "Todorov, Ognjan"]
[Black "Dervishi, Erald"]
[Result "1/2-1/2"]
[WhiteElo "2349"]
[BlackElo "2491"]
[PlyCount "25"]
[EventDate "2001.08.05"]

1. d4 d5 2. Nf3 e6 3. c4 Nf6 4. g3 Be7 5. Bg2 O-O 6. O-O b6 7. cxd5 exd5 8. Nc3
Bb7 9. Bf4 Na6 10. Ne5 c5 11. dxc5 Nxc5 12. Nb5 Nfe4 13. Nd4 1/2-1/2

[Event "V Open A"]
[Site "Genova ITA"]
[Date "2001.08.10"]
[Round "7"]
[White "Cirabisi, Federico"]
[Black "Sbarra, Marco"]
[Result "1-0"]
[WhiteElo "2121"]
[BlackElo "2305"]
[PlyCount "51"]
[EventDate "2001.08.05"]

1. e4 c6 2. Nc3 d5 3. Nf3 Bg4 4. Be2 e6 5. d3 Nf6 6. h3 Bxf3 7. gxf3 Nbd7 8.
Rg1 Qb6 9. d4 O-O-O 10. e5 Ng8 11. a4 f6 12. a5 Qc7 13. f4 g5 14. Bg4 gxf4 15.
Bxe6 Ne7 16. Bxf4 Ng6 17. Rxg6 hxg6 18. Qg4 Bh6 19. Bg3 Rde8 20. Na4 Rxe6 21.
Qxe6 Qxa5+ 22. b4 Qd8 23. Nc5 a6 24. b5 Re8 25. bxa6 Rxe6 26. axb7+ 1-0

[Event "V Open A"]
[Site "Genova ITA"]
[Date "2001.08.10"]
[Round "7"]
[White "Corvi, Marco"]
[Black "Gosio, Denis"]
[Result "1/2-1/2"]
[WhiteElo "2318"]
[BlackElo "2151"]
[PlyCount "86"]
[EventDate "2001.08.05"]

1. c4 e5 2. Nc3 Nf6 3. Nf3 Nc6 4. e3 Bb4 5. Qc2 O-O 6. Nd5 Re8 7. Bd3 g6 8. h4
Bf8 9. a3 Bg7 10. Nxf6+ Qxf6 11. Be4 d6 12. b4 Bf5 13. Bb2 Bxe4 14. Qxe4 Qf5
15. Qxf5 gxf5 16. h5 e4 17. Bxg7 Kxg7 18. Nd4 Nxd4 19. exd4 Kh6 20. Ke2 Rg8 21.
Rh2 Rg5 22. Rah1 a5 23. b5 b6 24. Ke3 Rg4 25. g3 Re8 26. Rc1 Rd8 27. a4 Rd7 28.
Rch1 Rd8 29. Rh4 Kg5 30. Rxg4+ Kxg4 31. h6 Kg5 32. Rh4 Re8 33. Rf4 Re7 34. d5
f6 35. Rh4 Re8 36. Rf4 Re7 37. Rh4 Re8 38. Rh1 Re7 39. Kd4 Re5 40. Rh4 Re7 41.
Kc3 Re8 42. Kd4 Re7 43. Ke3 Re8 1/2-1/2

[Event "V Open A"]
[Site "Genova ITA"]
[Date "2001.08.10"]
[Round "7"]
[White "De Santis, Alessio"]
[Black "Ljubisavljevic, Zivojin Z."]
[Result "0-1"]
[WhiteElo "2353"]
[BlackElo "2249"]
[PlyCount "144"]
[EventDate "2001.08.05"]

1. d4 Nf6 2. c4 e6 3. g3 d5 4. Bg2 dxc4 5. Nf3 c5 6. Qa4+ Bd7 7. Qxc4 Nc6 8.
O-O b5 9. Qd3 c4 10. Qc2 Rc8 11. a3 Qb6 12. Rd1 Na5 13. Nc3 Nb3 14. Rb1 a5 15.
Ne5 Bd6 16. Nxd7 Nxd7 17. Be3 O-O 18. Ne4 Qc7 19. d5 e5 20. Bh3 Rce8 21. Bf5
Kh8 22. a4 bxa4 23. Nxd6 Qxd6 24. Qxc4 g6 25. Qc6 Qxc6 26. dxc6 Nf6 27. Bd7 Ra8
28. Bh6 Rg8 29. c7 Nd4 30. c8=Q Raxc8 31. Bxc8 Rxc8 32. e3 Nb3 33. f3 Ng8 34.
Bg5 f6 35. Rd5 fxg5 36. Rxe5 Nd2 37. Rf1 Nxf1 38. Kxf1 Rc1+ 39. Ke2 Rc2+ 40.
Kd3 Rxb2 41. Rxa5 g4 42. fxg4 Rxh2 43. Rxa4 Rg2 44. Ke4 Rxg3 45. Kf4 Rg1 46. g5
h6 47. gxh6 Kh7 48. e4 Kxh6 49. Ke5 Rf1 50. Ke6 Rf6+ 51. Kd7 Rf4 52. Ke6 Nf6
53. Ra6 Nxe4 54. Ke5 Rg4 55. Ra1 Ng3 56. Ra2 Kg5 57. Ra6 Re4+ 58. Kd5 Re3 59.
Rb6 Nf5 60. Ra6 Kf4 61. Ra1 g5 62. Rf1+ Rf3 63. Rg1 g4 64. Ke6 g3 65. Kf6 Nh4
66. Kg7 g2 67. Ra1 Rf1 68. Ra4+ Kg3 69. Kh6 g1=Q 70. Ra3+ Kh2 71. Ra2+ Kh1 72.
Ra6 Rf5 0-1

[Event "V Open A"]
[Site "Genova ITA"]
[Date "2001.08.10"]
[Round "7"]
[White "Dervishi, Erald"]
[Black "Ausmins, Elmar"]
[Result "1-0"]
[WhiteElo "2491"]
[BlackElo "2345"]
[PlyCount "79"]
[EventDate "2001.08.05"]

1. e4 e5 2. Nf3 Nc6 3. Bb5 a6 4. Ba4 Nf6 5. O-O Be7 6. Re1 b5 7. Bb3 O-O 8. c3
d6 9. h3 Nd7 10. d4 Bf6 11. a4 Bb7 12. Na3 exd4 13. cxd4 Na5 14. Bd2 Nxb3 15.
Qxb3 c5 16. d5 c4 17. Qc2 Rb8 18. axb5 axb5 19. Nxb5 Qb6 20. Nc3 Nc5 21. Be3
Qb4 22. Bxc5 Qxc5 23. e5 dxe5 24. Nxe5 Bxe5 25. Rxe5 f6 26. Re2 Bxd5 27. Qf5
Rb5 28. Nxb5 Qxb5 29. Rd1 Bc6 30. Qxb5 Bxb5 31. Re7 Rb8 32. Rc7 Be8 33. Rd2 Bf7
34. Rdd7 Rf8 35. f4 f5 36. Kf2 h6 37. h4 g6 38. g3 Kg7 39. Ke3 Kf6 40. Rxf7+
1-0

[Event "V Open A"]
[Site "Genova ITA"]
[Date "2001.08.10"]
[Round "7"]
[White "Di Paolo, Raffaele"]
[Black "Lanzani, Mario"]
[Result "1/2-1/2"]
[WhiteElo "2312"]
[BlackElo "2380"]
[PlyCount "34"]
[EventDate "2001.08.05"]

1. e4 e5 2. Nf3 Nc6 3. Bb5 f5 4. Nc3 fxe4 5. Nxe4 Nf6 6. Nxf6+ Qxf6 7. Qe2 Be7
8. O-O Nd4 9. Nxd4 exd4 10. Re1 c6 11. Bd3 d5 12. b3 O-O 13. Bb2 Bd6 14. g3 Bd7
15. f4 Rae8 16. Qf2 c5 17. Rxe8 Rxe8 1/2-1/2

[Event "V Open A"]
[Site "Genova ITA"]
[Date "2001.08.10"]
[Round "7"]
[White "Goris, Antonius"]
[Black "Pernigotti, Carlo"]
[Result "0-1"]
[WhiteElo "2089"]
[BlackElo "2156"]
[PlyCount "47"]
[EventDate "2001.08.05"]

1. e4 e6 2. d4 d5 3. e5 c5 4. c3 Nc6 5. Nf3 Bd7 6. a3 c4 7. Nbd2 Na5 8. Be2 Bc6
9. O-O Qd7 10. b3 cxb3 11. c4 Ba4 12. Bb2 Ne7 13. Qe1 Rc8 14. Rc1 a6 15. cxd5
Nxd5 16. Rxc8+ Qxc8 17. Ne4 Nc4 18. Bxc4 Qxc4 19. Qd2 Qc2 20. Rc1 Qxe4 21. Qa5
Bc6 22. Nd2 Qe2 23. Nc4 Be7 24. Re1 0-1

[Event "V Open A"]
[Site "Genova ITA"]
[Date "2001.08.10"]
[Round "7"]
[White "Isonzo, David"]
[Black "Guido, Flavio"]
[Result "1/2-1/2"]
[WhiteElo "2315"]
[BlackElo "2379"]
[PlyCount "114"]
[EventDate "2001.08.05"]

1. e4 c5 2. Nf3 e6 3. d4 cxd4 4. Nxd4 Nf6 5. Nc3 d6 6. Bc4 Be7 7. Bb3 O-O 8.
O-O Na6 9. f4 Nc5 10. Qf3 a6 11. Be3 Qc7 12. g4 b5 13. g5 Nfxe4 14. Nxe4 Bb7
15. Nxc5 Bxf3 16. Ncxe6 Qb7 17. Rxf3 fxe6 18. Nxe6 Rf7 19. Raf1 Qe4 20. Bd4 d5
21. Re3 Qf5 22. Re5 Qg4+ 23. Kh1 Bd6 24. Bxd5 Bxe5 25. Bxe5 Re8 26. Rg1 Qh3 27.
g6 Rxe6 28. gxf7+ Kxf7 29. Rxg7+ Kf8 30. Bxe6 Qxe6 31. Kg2 Qc6+ 32. Kg3 Qxc2
33. a3 Qf5 34. h4 h5 35. Kg2 Qd3 36. Kh2 Qf3 37. Rg3 Qf2+ 38. Kh3 Kf7 39. Rg2
Qf3+ 40. Kh2 Ke6 41. Rg3 Qf2+ 42. Kh3 Kf5 43. Rg2 Qf3+ 44. Kh2 Ke4 45. Rg5 Qf2+
46. Kh3 Kf3 47. Rg7 Qe1 48. Kh2 Qxh4+ 49. Kg1 Qf2+ 50. Kh1 h4 51. Rg5 h3 52.
Rg7 a5 53. Rg5 Ke2 54. Rg1 a4 55. Bb8 Qh4 56. Be5 Kf2 57. Kh2 Kf3 1/2-1/2

[Event "V Open A"]
[Site "Genova ITA"]
[Date "2001.08.10"]
[Round "7"]
[White "Peric, Slavisa"]
[Black "Astengo, Corrado"]
[Result "1-0"]
[WhiteElo "2281"]
[BlackElo "2103"]
[PlyCount "63"]
[EventDate "2001.08.05"]

1. d4 d5 2. Nf3 Nf6 3. e3 Bf5 4. c4 e6 5. Qb3 Qc8 6. Bd2 Bd6 7. cxd5 exd5 8.
Bb4 Bxb4+ 9. Qxb4 c6 10. Nbd2 Qd7 11. Nh4 Bg6 12. Nxg6 hxg6 13. Rc1 Qe7 14. Qa5
Nbd7 15. b4 O-O 16. Be2 Rfc8 17. O-O a6 18. Rc2 Ne8 19. Rfc1 Nd6 20. Qa3 Nb5
21. Qb2 Nb6 22. Bd3 f5 23. g3 Qe6 24. Qb3 f4 25. gxf4 Qg4+ 26. Kh1 Kf7 27. Rg1
Qh4 28. Nf3 Qe7 29. Ne5+ Kg8 30. Bxg6 Nd6 31. Qd3 Kh8 32. Rg5 1-0

[Event "V Open A"]
[Site "Genova ITA"]
[Date "2001.08.10"]
[Round "7"]
[White "Abd El Gawad, Shaban"]
[Black "Drei, Andrea"]
[Result "1/2-1/2"]
[WhiteElo "2051"]
[BlackElo "2269"]
[PlyCount "100"]
[EventDate "2001.08.05"]

1. d4 Nf6 2. Bg5 e6 3. e4 h6 4. Bxf6 Qxf6 5. Nf3 c5 6. e5 Qd8 7. d5 exd5 8.
Qxd5 Be7 9. Nbd2 Nc6 10. Bc4 O-O 11. O-O Nb4 12. Qe4 d5 13. exd6 Bxd6 14. c3
Nc6 15. Rfe1 Ne7 16. Rad1 Qc7 17. Qe2 Ng6 18. Ne4 Be7 19. Ng3 Bg4 20. h3 Bxf3
21. Qxf3 Rad8 22. Rxd8 Bxd8 23. Qg4 Ne5 24. Qe4 Nxc4 25. Qxc4 Qc6 26. Nf5 b5
27. Qg4 Qf6 28. Re3 Qg5 29. Qe4 Bc7 30. h4 Qf6 31. Rf3 Rd8 32. g3 Kh8 33. Nd4
Qe5 34. Qxe5 Bxe5 35. Nxb5 Rb8 36. Nxa7 Rxb2 37. Nc6 Bf6 38. a4 Rb6 39. Na5 Ra6
40. Nb3 Rxa4 41. Nxc5 Rc4 42. Nd7 Rxc3 43. Rf4 Rc6 44. Kg2 Rd6 45. Nxf6 gxf6
46. Kf3 Kg7 47. h5 Rd5 48. g4 Rb5 49. Kg3 Rb3+ 50. Rf3 Rb5 1/2-1/2

[Event "V Open A"]
[Site "Genova ITA"]
[Date "2001.08.10"]
[Round "7"]
[White "Todorov, Ognjan"]
[Black "Popchev, Milko"]
[Result "1/2-1/2"]
[WhiteElo "2349"]
[BlackElo "2447"]
[PlyCount "33"]
[EventDate "2001.08.05"]

1. Nf3 c5 2. c4 g6 3. e4 Bg7 4. d4 cxd4 5. Nxd4 Nc6 6. Nc2 Nf6 7. Nc3 O-O 8.
Be2 b6 9. O-O Bb7 10. f3 d6 11. Bg5 Ne5 12. Qd2 Rc8 13. b3 Re8 14. Rac1 Qc7 15.
Rfd1 Qb8 16. Bf1 Ned7 17. Kh1 1/2-1/2

[Event "V Open A"]
[Site "Genova ITA"]
[Date "2001.08.11"]
[Round "8"]
[White "Astengo, Corrado"]
[Black "Castells Briones, Miquel"]
[Result "1-0"]
[WhiteElo "2103"]
[BlackElo "2096"]
[PlyCount "79"]
[EventDate "2001.08.05"]

1. e4 e6 2. d4 d5 3. Nc3 dxe4 4. Nxe4 Nd7 5. Nf3 Ngf6 6. Nxf6+ gxf6 7. Bc4 Rg8
8. Bf4 b6 9. O-O Bb7 10. d5 e5 11. Bg3 Qe7 12. Re1 O-O-O 13. Qd3 Nc5 14. Qf5+
Kb8 15. Bh4 Bxd5 16. Bxf6 Qd7 17. Qxd7 Rxd7 18. Bxd5 Rxd5 19. Bxe5 f6 20. Bg3
f5 21. Rad1 Rxd1 22. Rxd1 Ne4 23. Rd8+ Kb7 24. Rd5 Bc5 25. Rxf5 Rd8 26. Kf1
Rd1+ 27. Ke2 Rc1 28. Kd3 Nxf2+ 29. Bxf2 Bxf2 30. Rh5 Bc5 31. Rxh7 Rf1 32. h4
Rh1 33. h5 Bd6 34. g4 Bf4 35. g5 Bc1 36. g6 Bxb2 37. h6 Rh3 38. Ke4 Rg3 39. g7
Rg6 40. Ne5 1-0

[Event "V Open A"]
[Site "Genova ITA"]
[Date "2001.08.11"]
[Round "8"]
[White "Astengo, Marcello"]
[Black "Wismayer, Clive R."]
[Result "1-0"]
[WhiteElo "2005"]
[BlackElo "2144"]
[PlyCount "57"]
[EventDate "2001.08.05"]

1. d4 d5 2. Nf3 Bg4 3. Bf4 e6 4. Ne5 Bf5 5. g4 Bg6 6. h4 f6 7. Nxg6 hxg6 8. Qd3
g5 9. Qg6+ Kd7 10. Bg3 Ne7 11. Qd3 c6 12. Bg2 gxh4 13. Rxh4 Rxh4 14. Bxh4 Qb6
15. Nd2 Qxb2 16. Rb1 Qxa2 17. Rxb7+ Kc8 18. Rb3 a5 19. Bg3 a4 20. Rb1 a3 21.
Qc3 Qxb1+ 22. Nxb1 a2 23. Qa1 Ng6 24. Kd1 Bb4 25. c3 Be7 26. Nd2 f5 27. gxf5
exf5 28. Bh3 Nh4 29. Nb3 1-0

[Event "V Open A"]
[Site "Genova ITA"]
[Date "2001.08.11"]
[Round "8"]
[White "Di Paolo, Raffaele"]
[Black "Isonzo, David"]
[Result "1/2-1/2"]
[WhiteElo "2312"]
[BlackElo "2315"]
[PlyCount "69"]
[EventDate "2001.08.05"]

1. e4 c5 2. Nf3 d6 3. d4 cxd4 4. Nxd4 Nf6 5. Nc3 a6 6. Bg5 e6 7. f4 Qb6 8. Qd2
Qxb2 9. Rb1 Qa3 10. Bxf6 gxf6 11. f5 Nc6 12. fxe6 fxe6 13. Nxc6 bxc6 14. Be2
Qa5 15. O-O Be7 16. Rf3 Qg5 17. Qe3 Rg8 18. Rg3 Qc5 19. Kh1 Rxg3 20. Qxg3 Qg5
21. Qh3 h6 22. Bg4 f5 23. Bh5+ Kd8 24. exf5 Qxf5 25. Bg4 Qe5 26. Qd3 Rb8 27.
Rf1 Rb4 28. Bh3 Rf4 29. Rd1 c5 30. Ne2 Re4 31. Ng1 Rd4 32. Qf3 Bb7 33. Qxb7
Rxd1 34. Qb8+ Kd7 35. Qb7+ 1/2-1/2

[Event "V Open A"]
[Site "Genova ITA"]
[Date "2001.08.11"]
[Round "8"]
[White "Drei, Andrea"]
[Black "Cirabisi, Federico"]
[Result "0-1"]
[WhiteElo "2269"]
[BlackElo "2121"]
[PlyCount "80"]
[EventDate "2001.08.05"]

1. e4 Nf6 2. e5 Nd5 3. d4 d6 4. Nf3 Bg4 5. Be2 c6 6. Ng5 Bf5 7. e6 fxe6 8. g4
Bg6 9. Bd3 Bxd3 10. Qxd3 Nf6 11. Nxe6 Qd7 12. Qe2 Kf7 13. Ng5+ Kg8 14. Rg1 Na6
15. f4 e5 16. dxe5 dxe5 17. fxe5 Re8 18. Nc3 Nc7 19. Qc4+ Nfd5 20. Nf3 b5 21.
Qd3 Bb4 22. Bd2 Qe7 23. Nxd5 Nxd5 24. O-O-O Bc5 25. Rge1 h5 26. g5 Qe6 27. Kb1
g6 28. Nh4 Kh7 29. c4 Nb6 30. Rf1 bxc4 31. Qe4 Rhg8 32. Qf4 c3 33. Be3 Bxe3 34.
Qxe3 c2+ 35. Kxc2 Qc4+ 36. Kb1 Qxh4 37. Rf7+ Rg7 38. Rdf1 Qc4 39. Qa3 Qe4+ 40.
Ka1 Qxe5 0-1

[Event "V Open A"]
[Site "Genova ITA"]
[Date "2001.08.11"]
[Round "8"]
[White "Gosio, Denis"]
[Black "Peric, Slavisa"]
[Result "1/2-1/2"]
[WhiteElo "2151"]
[BlackElo "2281"]
[PlyCount "109"]
[EventDate "2001.08.05"]

1. e4 e6 2. d4 d5 3. Nd2 a6 4. Ngf3 c5 5. exd5 exd5 6. Be2 Nc6 7. dxc5 Bxc5 8.
Nb3 Be7 9. O-O Nf6 10. Bg5 O-O 11. c3 Re8 12. h3 h6 13. Be3 Ne4 14. Nbd4 Bf6
15. Bd3 Ne7 16. Re1 Ng6 17. Qc2 Nf8 18. Rad1 Ng5 19. Nxg5 hxg5 20. Be2 Ng6 21.
Nf5 Be6 22. Nd4 Bc8 23. Nf5 Re5 24. Ng3 Nf4 25. Bf3 Be6 26. Qd2 Qc7 27. Bxf4
Rxe1+ 28. Rxe1 Qxf4 29. Qxf4 gxf4 30. Nh5 Bg5 31. Re5 Bh6 32. Bxd5 Bxd5 33.
Rxd5 Re8 34. Kf1 Re6 35. g3 fxg3 36. Nxg3 Rb6 37. b3 Rc6 38. c4 Re6 39. Rd7 b5
40. c5 Rc6 41. Rd6 Rxc5 42. Rxa6 b4 43. Rb6 Rc1+ 44. Kg2 Bd2 45. Ne4 Be1 46.
Ra6 Ra1 47. Nd6 Kf8 48. Ra7 f6 49. Nf5 g5 50. h4 gxh4 51. Nxh4 Bc3 52. Ra4 Kf7
53. Nf5 Ke6 54. Ne3 Rc1 55. a3 1/2-1/2

[Event "V Open A"]
[Site "Genova ITA"]
[Date "2001.08.11"]
[Round "8"]
[White "Ljubisavljevic, Zivojin Z."]
[Black "Todorov, Ognjan"]
[Result "0-1"]
[WhiteElo "2249"]
[BlackElo "2349"]
[PlyCount "60"]
[EventDate "2001.08.05"]

1. e4 c5 2. Nf3 e6 3. d4 cxd4 4. Nxd4 a6 5. g3 d5 6. e5 Nc6 7. Nxc6 bxc6 8. Nd2
Ne7 9. Bd3 Ng6 10. f4 Bc5 11. Qe2 Ba7 12. Nb3 Qb6 13. a4 c5 14. Be3 Qc6 15. Nd2
Rb8 16. b3 Ne7 17. Bf2 O-O 18. g4 Rb4 19. Bg3 c4 20. bxc4 Rxa4 21. Rxa4 Qxa4
22. cxd5 Nxd5 23. Nc4 Nc3 24. Qf3 Qb4 25. Nd6 Ne4+ 26. c3 Qxc3+ 27. Ke2 Qb2+
28. Ke1 Nxd6 29. exd6 Bb7 30. Be4 Qb4+ 0-1

[Event "V Open A"]
[Site "Genova ITA"]
[Date "2001.08.11"]
[Round "8"]
[White "Molinari, Mario"]
[Black "De Santis, Alessio"]
[Result "0-1"]
[WhiteElo "2180"]
[BlackElo "2353"]
[PlyCount "60"]
[EventDate "2001.08.05"]

1. e4 d6 2. d4 Nf6 3. Nc3 c6 4. f4 Qa5 5. Qd3 e5 6. Nf3 Nbd7 7. Be3 d5 8. Bd2
Bb4 9. fxe5 Nxe4 10. Nxe4 dxe4 11. Qxe4 Bxd2+ 12. Nxd2 O-O 13. c3 f5 14. Bc4+
Kh8 15. Qh4 Nb6 16. Nb3 Qa4 17. Qe7 Bd7 18. Bf7 Rad8 19. O-O Nd5 20. Qh4 Ne3
21. Rf3 Ng4 22. e6 Bxe6 23. Bxe6 g6 24. Raf1 Rde8 25. h3 Ne5 26. Rg3 b6 27. Qh6
Nf7 28. Bxf7 Rxf7 29. Rxg6 Qxa2 30. Rxf5 Qb1+ 0-1

[Event "V Open A"]
[Site "Genova ITA"]
[Date "2001.08.11"]
[Round "8"]
[White "Popchev, Milko"]
[Black "Ausmins, Elmar"]
[Result "1-0"]
[WhiteElo "2447"]
[BlackElo "2345"]
[PlyCount "55"]
[EventDate "2001.08.05"]

1. d4 Nf6 2. Nf3 g6 3. Bg5 Bg7 4. Nbd2 d6 5. e4 O-O 6. c3 c5 7. dxc5 dxc5 8.
Bc4 Nc6 9. O-O a6 10. a4 b6 11. Re1 Ra7 12. Qe2 h6 13. Bh4 Qc7 14. e5 Nh7 15.
Bg3 Qb7 16. Nh4 b5 17. Bd5 g5 18. axb5 Nd4 19. Qe4 Qxb5 20. cxd4 gxh4 21. Bxh4
Qxb2 22. Nf3 e6 23. Bc6 cxd4 24. Rab1 Qc3 25. Rec1 Qa5 26. Qxd4 Qc7 27. Ba4 Qa5
28. Rc5 1-0

[Event "V Open A"]
[Site "Genova ITA"]
[Date "2001.08.11"]
[Round "8"]
[White "Scalcione, Michelangelo"]
[Black "Corvi, Marco"]
[Result "0-1"]
[WhiteElo "2249"]
[BlackElo "2318"]
[PlyCount "36"]
[EventDate "2001.08.05"]

1. Nf3 b6 2. g3 Bb7 3. Bg2 Nf6 4. c4 e5 5. O-O e4 6. Nh4 Qc8 7. d3 d6 8. Nc3
Qe6 9. Bg5 Nbd7 10. Nb5 Kd8 11. dxe4 Bxe4 12. Nd4 Qe8 13. c5 Bxg2 14. Nxg2 dxc5
15. Nc6+ Kc8 16. Qa4 Kb7 17. Qb5 a6 18. a4 Qe4 0-1

[Event "V Open A"]
[Site "Genova ITA"]
[Date "2001.08.12"]
[Round "9"]
[White "Ausmins, Elmar"]
[Black "Todorov, Ognjan"]
[Result "1-0"]
[WhiteElo "2345"]
[BlackElo "2349"]
[PlyCount "135"]
[EventDate "2001.08.05"]

1. d4 d5 2. Nf3 Nf6 3. c4 dxc4 4. Nc3 a6 5. a4 Nc6 6. e3 Bg4 7. Bxc4 e6 8. O-O
Bd6 9. h3 Bh5 10. Qe2 O-O 11. g4 Bg6 12. Nh4 e5 13. dxe5 Nxe5 14. f4 Nxc4 15.
Qxc4 Nd7 16. Nxg6 hxg6 17. Kg2 b5 18. Qe2 Re8 19. Qf3 b4 20. Ne4 Bf8 21. h4 Qe7
22. Ng5 Nf6 23. Bd2 Qd7 24. Rfd1 Qxg4+ 25. Qxg4 Nxg4 26. Kf3 Nh6 27. e4 f6 28.
Nh3 Rad8 29. Be3 Nf7 30. Rac1 Rxd1 31. Rxd1 Nd6 32. Nf2 Nc4 33. Bc1 Bd6 34. Rd5
Rd8 35. Rd4 Na5 36. Be3 Rb8 37. Nd3 Bf8 38. Rd7 Rc8 39. e5 c5 40. e6 Re8 41.
Bxc5 Bxc5 42. Nxc5 Nc6 43. Ke4 a5 44. Kd5 Ne7+ 45. Kd6 Nf5+ 46. Kc7 Nxh4 47.
Rd8 Kf8 48. Kd7 Rxd8+ 49. Kxd8 Nf5 50. Nd7+ Kg8 51. e7 Nxe7 52. Kxe7 Kh7 53.
Ke6 Kh6 54. Kd5 g5 55. Ke4 g4 56. Nc5 Kh5 57. Ke3 Kh4 58. Kf2 Kh3 59. Kg1 Kg3
60. Nb3 Kxf4 61. Nxa5 Ke4 62. Nc6 b3 63. Na5 f5 64. Nxb3 f4 65. Nd2+ Kd3 66.
Nf1 Kc4 67. Nh2 Kb4 68. b3 1-0

[Event "V Open A"]
[Site "Genova ITA"]
[Date "2001.08.12"]
[Round "9"]
[White "Cirabisi, Federico"]
[Black "Di Paolo, Raffaele"]
[Result "0-1"]
[WhiteElo "2121"]
[BlackElo "2312"]
[PlyCount "87"]
[EventDate "2001.08.05"]

1. e4 e6 2. Nf3 c5 3. b4 b6 4. b5 Bb7 5. d3 d6 6. Bb2 Nf6 7. Be2 Nbd7 8. O-O
Be7 9. Nbd2 O-O 10. Ne1 Ne8 11. f4 Bf6 12. Bxf6 Qxf6 13. Nb3 Qh6 14. g4 f6 15.
Ng2 Nc7 16. a4 e5 17. f5 d5 18. Bf3 Rfd8 19. Qe2 d4 20. h4 a6 21. bxa6 Bxa6 22.
Qf2 c4 23. Nc1 b5 24. Qg3 Qd2 25. g5 Rf8 26. axb5 Bxb5 27. Rxa8 Nxa8 28. Qf2
Qxf2+ 29. Rxf2 c3 30. Nb3 Ba4 31. Bd1 Rb8 32. Ne1 Nc7 33. Kf1 Na6 34. Ke2 Bxb3
35. cxb3 Ndc5 36. Kf3 Nb4 37. Bc2 Ra8 38. Ke2 Ra2 39. Kd1 Ra1+ 40. Ke2 Rxe1+
41. Kxe1 Ncxd3+ 42. Bxd3 Nxd3+ 43. Ke2 Nxf2 44. Kxf2 0-1

[Event "V Open A"]
[Site "Genova ITA"]
[Date "2001.08.12"]
[Round "9"]
[White "De Santis, Alessio"]
[Black "Gosio, Denis"]
[Result "1-0"]
[WhiteElo "2353"]
[BlackElo "2151"]
[PlyCount "53"]
[EventDate "2001.08.05"]

1. d4 Nf6 2. c4 e6 3. Nc3 Bb4 4. e3 O-O 5. Bd3 d5 6. cxd5 Nxd5 7. Nge2 c5 8. a3
cxd4 9. axb4 dxc3 10. bxc3 Nc6 11. e4 Nde7 12. f4 b6 13. O-O Bb7 14. b5 Na5 15.
Ra4 Qc7 16. f5 exf5 17. exf5 Nd5 18. f6 g6 19. Qd2 Rfe8 20. Qh6 Qc5+ 21. Kh1
Qf8 22. Qh3 Qd6 23. Bxg6 fxg6 24. f7+ Kg7 25. Qh6+ Kh8 26. fxe8=Q+ Rxe8 27. Rf7
1-0